| 000 | 00708cam a2200241 i 4500 | ||
|---|---|---|---|
| 999 |
_c979 _d979 |
||
| 001 | 4493381 | ||
| 003 | OSt | ||
| 005 | 20180831121725.0 | ||
| 008 | 781121s1979 tnua 000 0 eng | ||
| 010 | _a78026463 | ||
| 020 | _a0687177065 : | ||
| 040 |
_aDLC _cDLC _dOCL _dBSC |
||
| 082 |
_a253 _bJ661H |
||
| 092 |
_a253 _bJ68h |
||
| 100 | 1 | _aJohnson, Merle Allison. | |
| 245 | 1 | 0 |
_aHow to be happy in the non-electric church / _cMerle Allison Johnson ; illustrated with line drawings by Charles Cox. |
| 260 |
_aNashville : _bAbingdon, _cc1979. |
||
| 300 |
_a112 p. : _bill. ; _c23 cm. |
||
| 650 | 0 |
_aSmall churches _xMiscellanea. |
|
| 650 | 0 |
_aClergy _xOffice. |
|
| 650 | 0 | _aPastoral theology. | |
| 942 |
_2ddc _cBK |
||